O našej cyklistike (rozhovor so zväzovým trénerom)

Bibliographic Details
Main Author: Haťapka, Kamil, 1932- (Author)
Format: Article
Language:Slovak
PhysicalDescription:Obr.
Subjects:

MARC

LEADER 00000nab a2200000 a 4500
001 vtls009481958
003 SK-MaSNL
005 20260303210810.0
008 090310 1971 xo 000 0 slo
015 |a SNBRB1971  |2 snkbucl 
040 |a SNKBUCL  |b slo  |c SNKBUCL  |e AACR2 
041 |a slo 
044 |a xo  |c SK 
080 |a 796.61  |2 2001 
100 1 |a Haťapka, Kamil,  |d 1932-  |4 aut  |9 235480 
245 1 0 |a O našej cyklistike  |b (rozhovor so zväzovým trénerom)  |c Kamil Haťapka 
300 |b Obr. 
650 0 7 |a cyklistika  |2 snkbucl  |9 3263 
655 7 |a rozhovory  |2 snkbucl  |9 31831 
773 0 |t Tréner  |g Roč. 15, č. 1 (1971), s. 22-25 
999 |c 2201801  |d 2203731